000 01144nam a2200289 a 4500
001 C01461245c-X
003 CO-ViMGA
005 20230915233606.0
008 150302s2014 ck a gr 00010 spa d
020 _a9789587850152
040 _aCO-ViMGA
_bspa
_cCO-ViMGA
082 0 4 _a980.0049861
_bN17
_221
245 0 0 _aLeyendo la vida nasa =
_bNasa u'junxin thegnxi /
_cdocentes de la comunidad Nasa; fotografias Jorge Panchoaga
260 _aBogotá :
_bMinisterio de Educación Nacional,
_c2017.
300 _a45 páginas :
_bilustraciones ; color
490 1 _aLeer es mi cuento. Plan Nacional de Lectura y Escritura
_aRio de letras
490 1 _aSerie Río de letras. Territorios narrados ;
500 _aIncluye glosario.
500 _aProyecto educativo comunitario Zona Norte del Cauca.
500 _aTexto bilingue nasa - español
650 1 4 _aIndigenas de Colombia
_vVida social y costumbres
_913747
650 1 4 _aPaeces
_x Agricultura.
_911480
650 1 4 _aPaeces
_x Aspectos familiares.
_911479
650 1 4 _aPaeces
_x Ritos y ceremonias.
_911478
650 1 4 _aPaeces
_x Vida social y costumbres.
_911477
942 _2ddc
_cBK
999 _c11883
_d11883